| 000 | 01681cam a2200433 a 4500 | ||
|---|---|---|---|
| 001 | 110250 | ||
| 005 | 20230410115610.0 | ||
| 008 | 071011s20082007nyuabk b 001 0 eng | ||
| 035 | _a15040260 | ||
| 925 | 0 |
_aacquire _b2 shelf copies _xpolicy default |
|
| 942 |
_2lcc _cbk |
||
| 010 | _a2007042218 | ||
| 015 |
_aGBA7A2425 _2bnb |
||
| 016 | 7 |
_a014470246 _2Uk |
|
| 020 | _a0071494138 (hbk.) | ||
| 020 | _a9780071494137 (hbk.) | ||
| 035 | _a(OCoLC)ocn174134204 | ||
| 035 |
_a(OCoLC)174134204 _z(OCoLC)166368507 |
||
| 040 |
_aDLC _cDLC _dBAKER _dBTCTA _dYDXCP _dC#P _dUKM _dIXA _dNLGGC _dDLC |
||
| 043 | _ama----- | ||
| 050 | 1 | 4 |
_aHF 3866 _bR345d 2008 |
| 082 | 0 | 0 | _a658/.04909536 |
| 100 | 1 | _aRehman, Aamir A. | |
| 245 | 1 | 0 |
_aDubai & Co. : _bglobal strategies for doing business in the Gulf states / _cAamir A. Rehman. |
| 246 | 3 | _aDubai and Company | |
| 260 |
_aNew York : _bMcGraw-Hill, _c2008 c2007 |
||
| 300 |
_axi, 333 p. : _bill.map. forms. ; _c24 cm. |
||
| 440 | 0 | _aBusiness | |
| 504 | _aIncludes bibliographical references (p. 301-321) and index. | ||
| 651 | 0 |
_aArab countries _xCommerce. |
|
| 651 | 0 |
_aArab countries _xEconomic conditions. |
|
| 651 | 0 |
_aArab countries _xForeign economic relations. |
|
| 650 | 0 |
_aInternational business enterprises _zArab countries. |
|
| 650 | 4 |
_aEmpresas comerciales internacionales _zPaĆses arabes. |
|
| 856 | 4 | 1 |
_3Table of contents only _uhttp://www.loc.gov/catdir/toc/ecip082/2007042218.html |
| 856 | 4 | 2 |
_3Contributor biographical information _uhttp://www.loc.gov/catdir/enhancements/fy0803/2007042218-b.html |
| 856 | 4 | 2 |
_3Publisher description _uhttp://www.loc.gov/catdir/enhancements/fy0803/2007042218-d.html |
| 946 | _aPP | ||
| 999 |
_c44389 _d44389 |
||